MARC

LEADER 00000nam0a2200000 4500
001 297422
005 20231102001015.0
035 |a (RuTPU)RU\TPU\book\322555 
090 |a 297422 
100 |a 20150608d1983 k y0rusy50 ca 
101 0 |a rus 
102 |a RU 
105 |a a z 001zy 
200 1 |a Инерционно-импульсные системы  |e межвузовский тематический сборник научных трудов  |f Челябинский политехнический институт (ЧелПИ) ; под ред. В. В. Леванидова 
210 |a Челябинск  |c Изд-во ЧПИ  |d 1983 
215 |a 158 с.  |c ил. 
320 |a Библиография в конце статей 
606 1 |a Импульсные устройства  |2 stltpush  |3 (RuTPU)RU\TPU\subj\12449  |9 39229 
610 1 |a инерционные системы 
610 1 |a импульсные системы 
610 1 |a теория 
610 1 |a расчеты 
610 1 |a проектирование 
610 1 |a экспериментальные исследования 
610 1 |a автоматические системы 
610 1 |a трансформаторы 
610 1 |a вариаторы 
610 1 |a вибросистемы 
675 |a 621.374  |v 4 
702 1 |a Леванидов  |b В. В.  |4 340 
712 0 2 |a Челябинский политехнический институт (ЧелПИ)  |c (1951-1990)  |2 stltpush  |3 (RuTPU)RU\TPU\col\7924 
801 1 |a RU  |b 63413507  |c 20150608 
801 2 |a RU  |b 63413507  |c 20181012  |g RCR 
942 |c BK